MARC

LEADER 00000nam0a2200000 4500
001 177483
005 20231031165628.0
035 |a (RuTPU)RU\TPU\book\192402 
090 |a 177483 
100 |a 20100318d1981 km y0rusy50 ca 
101 0 |a rus 
102 |a RU 
105 |a a z 001zy 
200 1 |a Токопроводы 6-10 кВ промышленных предприятий  |f А. М. Семчинов 
210 |a Ленинград  |c Энергоиздат  |d 1981 
215 |a 88 с.  |c ил. 
225 1 |a Библиотека электромонтера  |h Вып. 528 
320 |a Библиогр. в конце книги. 
610 1 |a токопроводы 
610 1 |a промышленные предприятия 
610 1 |a электроснабжение 
610 1 |a схемы 
610 1 |a расчеты 
610 1 |a монтаж 
610 1 |a защита 
610 1 |a заземление 
675 |a 658.26  |v 3 
700 1 |a Семчинов  |b А. М.  |g Алексей Матвеевич 
801 1 |a RU  |b 63413507  |c 20100318 
801 2 |a RU  |b 63413507  |c 20160413  |g RCR 
942 |c BK